| 000 | 00855nam a22002297a 4500 | ||
|---|---|---|---|
| 008 | 170127b xxu||||| |||| 00| 0 eng d | ||
| 020 | _a9780547004822 | ||
| 050 |
_aPE1417 _b .N47 2009 |
||
| 245 |
_aThe new humanities reader / _c[compiled by] Richard E.Miller, Kurt Spellmeyer |
||
| 250 | _a3rd ed | ||
| 260 |
_aBoston, Mass.: _bHoughton Mifflin Harcourt Pub. Co., _c2009 |
||
| 300 |
_axxv, 788 p. ; _b24 cm |
||
| 500 | _a Includes bibliographical references and index | ||
| 650 | _aCollege readers | ||
| 650 |
_aEnglish language _xRhetoric|vProblems, exercises, etc |
||
| 650 |
_a Report writing _vProblems, exercises, etc |
||
| 650 |
_aHumanities _vProblems, exercises, etc |
||
| 650 |
_a Culture _vProblems, exercises, etc |
||
| 700 | _a Miller, Richard E.|q(Richard Earl),|d1961- | ||
| 700 | _a Spellmeyer, Kurt | ||
| 942 |
_2lcc _cBK |
||
| 999 |
_c48190 _d48190 |
||